|
|
|
|
| LEADER |
01005nam a2200241 a 4500 |
| 001 |
GR-MES5232 |
| 008 |
991111s1994 nyu 000 b eng d |
| 020 |
|
|
|a 0070375895
|
| 040 |
|
|
|a GrPaTEI
|b gre
|c GR-PaULI
|
| 245 |
0 |
0 |
|a Schaum's outline of theory and problems of principles of accounting II.
|
| 250 |
|
|
|a 4th
|
| 260 |
|
|
|a New York :
|b McGraw-Hill,
|c 1994
|
| 300 |
|
|
|a 306σελ.
|
| 650 |
|
4 |
|a Ασκήσεις
|
| 650 |
|
4 |
|a Λογιστική
|
| 700 |
1 |
|
|a Cashin, J.
|
| 700 |
1 |
|
|a Lerner, J.
|
| 710 |
0 |
|
|a McGraw-Hill
|
| 942 |
|
|
|2 ddc
|
| 952 |
|
|
|0 0
|1 0
|2 ddc
|4 0
|6 657_076000000000000_LER
|7 0
|9 275801
|a MSLG
|b MSLG
|c BSC
|d 2021-01-17
|e 24
|f 0
|g 0.00
|l 0
|o 657.076 LER
|p 2420000015359
|r 2021-01-17 00:00:00
|t 1
|w 2021-01-17
|y BK15
|x 19991111 0 1
|x GrPaTEI
|
| 952 |
|
|
|0 0
|1 0
|2 ddc
|4 0
|6 657_076000000000000_LER
|7 0
|9 321869
|a MSLG
|b MSLG
|c BSC
|d 2021-01-23
|e 24
|f 0
|g 0.00
|l 0
|o 657.076 LER
|p 2420000015496
|r 2021-01-23 00:00:00
|t 1
|w 2021-01-23
|y BK15
|x 19991111 0 1
|x GrPaTEI
|
| 971 |
|
|
|a .b25836997
|b 15-04-20
|c 14-09-16
|
| 999 |
|
|
|c 159858
|d 159858
|